City Names In Irish #2 - Statistics

General Stats
  • This quiz has been taken 46 times
  • The average score is 17 of 24
Answer Stats
Irish English % Correct
Iostanbúl Istanbul
100%
Caireo Cairo
95%
Iarúsailéim Jerusalem
95%
Singeapór Singapore
95%
Túinis Tunis
95%
Bagdad Baghdad
93%
Deilí Nua New Delhi
93%
Bostún Boston
90%
Ríge Riga
88%
Dacár Dakar
86%
An Damaisc Damascus
83%
Tripilí Tripoli
81%
Cív Kyiv
79%
Dárasalám Dar es Salaam
67%
Cartúm Khartoum
62%
Manchain Manchester
62%
Cathair na hAilgéire Algiers
60%
Mhilnias Vilnius
57%
Conacraí Conakry
52%
Nuacsat Nouakchott
40%
Port Láirge Waterford
40%
An Saorbhaile Freetown
31%
An Ghinéibh Geneva
29%
An Port Nua Porto-Novo
21%
No matching quizzes found
Score Distribution
Percent of People with Each Score
Percentile by Number Answered
Your Score History
You have not taken this quiz